00973cam a2200313 a 45000010005000000030006000050050017000110080041000280100017000690200024000860200036001100200018001460200018001640350012001820400023001940500018002170820010002351000019002452450069002642600042003333000052003753360026004273370028004533380027004815050008005085200090005166500020006067000033006268563FISKH20260128093600.0810220s1981 nyua j 000 1 eng  a 81001401  a0688802710 :c$8.95 a0688842712 (lib. bdg.) :c$7.63 a9780688802714 a9780688842710 a2313880 aDLCcDLCdDLCbeng aPZ7.K123475 J a 813 1 aKalan, Robert.10aJump, frog, jump! /cby Robert Kalan ; pictures by Byron Barton. aNew York :bGreenwillow Books,c1981. a32 pages : bcolor illustrations ;c21 x 26 cm. atextbtxt2rdacontent aunmediatedbn2rdamedia avolumebnc2rdacarrier aNP  aA cumulative tale in which a frog tries to catch a fly without getting caught itself. 1aFrogsxFiction.1 aBarton, Byron,eillustrator